000 00627nam a2200193Ia 4500
003 IN-BaIIA
008 211028s9999 xx 000 0 eng d
040 _cIIA Library
080 _a047.1:535.33
_bDEV-1
245 0 _aDevelopments in applied spectroscopy
_bvol. 1
_cedited by W. D. Ashby
260 _aNew York
_bPlenum Press
_c1962
300 _ax, 260p.
650 _aAbsorption spectroscopy
_91788
650 _aAstronomy and astrophysics Thesaurus
650 _aOptical spectroscopy
_95310
650 _aSpectroscopy
_91535
700 _aAshby, W. D., ed.
_95311
942 _cBK
999 _c2988
_d2988